LDR 01154naa#a2200205#i#450# 001 RU\INFRA-M\bibl\117999 005 20260705202011.7 011 ## _a2500-3305 100 ## _a20260430b2026####ek#y0rusy0150####ca 102 ## _aRU 200 1# _aВысокотехнологичная образовательная среда как необходимый фактор в подготовке учителя физики _eЖурнальная статья 210 1# _aМосква _cОбщество с ограниченной ответственностью «Научно-издательский центр ИНФРА-М» _d2026 215 ## _a10 с. 608 ## _aЖурнальная статья _2local 675 ## _aфизики. 372.853 _aОбразование. Воспитание. Обучение. Организация досуга. 37 _z 686 ## _aВысшее профессиональное образование. Педагогика высшей профессиональной школы. 14.35 _2grnti 700 #1 _aПетрова _gЕ. Б. 700 #1 _aЧулкова _gГ. М. 700 #1 _aСолдатенкова _gМ. Д. 856 4# _anaukaru.ru _u